00429nam a2200133Ia 4500008004100000020001500041100002200056245004500078250000700123260005000130300000900180952009100189999001500280211105s9999 xx 000 0 und d aVYASA07847 aIyengar Ramaswamy 0aManaviya Abhyudaya Shikshana Granthamala a\N bSri Satyasai Bala Vikasa Shikshana Samstec\N a80p. 00104070aSVYASAbSVYASAd2002-12-13l0p06196r2021-11-09 00:00:00w2021-11-09yBKS c4743d4743